000 01037nam a22002297a 4500
999 _c4081
_d4081
003 AR-CdUCM
008 190307b ||||| |||| 00| 0 spa d
040 _aMUNICIPALIDAD PROVINCIAL DEL CUSCO
_cBIBLIOTECA MUNICIPAL DEL CUSCO
082 _23ed.
_a985.093 /
_bP34
100 _aPease García, Henry
_93185
245 _aEL ocaso del poder oligárquico :
_blucha política en la escena oficial 1968-1975 /
260 _aLima :
_bDESCO,
_c1980.
300 _a313 paginas ;
_c20 cm.
505 _aLa revolución del 68 en el proceso político peruano -- 1968-1970 criollización o radicalización -- La burguesía liberal frente al velasquismo (1970-74) -- La misión, los militares progresistas (1974-75) -- Notas sobre el estado a partir de 1968 ...
650 _aAspectos políticos
_98399
650 _aGobierno Revolucionario, 1968-1980
_96831
650 _aPolítica y gobierno
_92693
650 _aPolítica-Perú
_912962
710 _aCentro de Estudios y Promoción del Desarrollo
_93974
942 _2ddc
_cLIBROS
945 _awnts